000 00868nam a2200289 i 4500
001 000041878
003 DO-SdBNP
005 20250211134817.0
007 ta
008 090916s2001 dr r 000 j spa d
020 _z9993484318
040 _aDO-SdBNP
_bspa
_cBNPHU
_erda
041 _aspa
082 4 _aRD8634
_bC759v 2001
_222
245 0 0 _aContándonos 25 cuentos dominicanos.
264 4 _aSanto Domingo :
_bEdiciones Peralta Dominguez,
_c©2001.
300 _a255 páginas ;
_c17 cm.
336 _ardacontent
_btexto
_2txt
337 _ardamedia
_bsin mediación
_2n
338 _ardacarrier
_bvolumen
_2nc
590 _aInventariado, 2019/BT
650 4 _aCuentos dominicanos
_9176
650 4 _aLiteratura dominicana.
_967
740 0 _aContándonos veinticinco cuentos dominicanos
910 _aValidado. Control de calidad. MFF
942 _2ddc
_cLBS1
999 _c41367
_d41367